| 000 | 00482nam a22001577a 4500 | ||
|---|---|---|---|
| 005 | 20251108164156.0 | ||
| 008 | 250721s1995 xx 000 0 ara d | ||
| 082 | 1 | 4 | _a219/شعر |
| 100 | 1 | _aالشعراوي، محمد متولي | |
| 245 | 1 | 0 | _aمحمد رسول الله صلى الله عليه و سلم / |
| 264 | 1 |
_aالقاهرة : _bدار أخباراليوم، _c1995. |
|
| 300 | _a142ص. | ||
| 650 | 1 | 7 | _aالسيرة النبوية |
| 942 |
_2ddc _cBK |
||
| 999 |
_c5562 _d5562 |
||